Nghiên cứu đất phân: T3

שמור ב:
מידע ביבליוגרפי
פורמט: ספר
שפה:Undetermined
יצא לאור: Hà Nội Khoa học 1972
נושאים:
תגים: הוספת תג
אין תגיות, היה/י הראשונ/ה לתייג את הרשומה!
Thư viện lưu trữ: Trung tâm Học liệu Trường Đại học Cần Thơ
LEADER 00396nam a2200145Ia 4500
001 CTU_12424
008 210402s9999 xx 000 0 und d
082 |a 631.4 
082 |b Ngh305/T3 
245 0 |a Nghiên cứu đất phân: T3 
260 |a Hà Nội 
260 |b Khoa học 
260 |c 1972 
650 |a fertilizers,soils 
980 |a Trung tâm Học liệu Trường Đại học Cần Thơ